L'année 2006 en sport - Statistiques

Statistiques générales
  • Ce quiz a été pris 90 fois
  • Le résultat moyen est 10 sur 15
Statistiques - réponses
Hint Réponse % Correct
Footballeur français ayant marqué une panenka en finale de la coupe du monde, puis s'étant fait exclure pour un coup de tête Zinedine Zidane
96%
Tennisman remportant son 2ème Rolland-Garros Rafael Nadal
92%
Nageuse française battant le record du monde du 400 mètres nage libre Laure Manaudou
88%
Pays d'origine de Marcus Grönholm, vainqueur du rallye de Monte-Carlo Finlande
87%
Ville de base des Heat, vainqueur pour la première fois d'un titre NBA Miami
86%
Ville accueillant la finale de la coupe du monde de football Berlin
83%
Basketteur américain ayant marqué 81 points lors d'un match de saison régulière Kobe Bryant
77%
Français élu meilleur gardien du championnat d'Europe de handball masculin Thierry Omeyer
76%
Buteur hongrois né en 1927 et décédé cette année-là Ferenc Puskas
74%
Club argentin évoluant à La Bombonera, remportant son 28ème titre de champion d'Argentine Boca Juniors
71%
Club irlandais remportant la coupe d'Europe de rugby Munster
46%
Skieur français s'imposant dans le Paris-Dakar en voiture Luc Alphand
45%
Ville dans laquelle évolue les joueurs du CNM, vainqueur du championnat de France de water-polo Marseille
38%
Club de la région Pays de la Loire remportant son 4ème titre de champion de france de basketball masculin Le Mans
37%
Cycliste italien surnommé "le terrible" remportant son premier tour d'Italie Ivan Basso
17%
Aucun quiz correspondant
Distribution des résultats
% des personnes avec chaque résultat
Percentile par nombre de réponses
Votre historique - résultats
Vous n’avez pas pris ce quiz